| 000 -LEADER |
| fixed length control field |
01361cam a22003734a 4500 |
| 001 - CONTROL NUMBER |
| control field |
12556006 |
| 005 - DATE AND TIME OF LATEST TRANSACTION |
| control field |
20200219163839.0 |
| 008 - FIXED-LENGTH DATA ELEMENTS--GENERAL INFORMATION |
| fixed length control field |
011004s2002 nyua b 001 0 eng |
| 010 ## - LIBRARY OF CONGRESS CONTROL NUMBER |
| LC control number |
2001054471 |
| 020 ## - INTERNATIONAL STANDARD BOOK NUMBER |
| International Standard Book Number |
0815332181 (hardbound) |
| 020 ## - INTERNATIONAL STANDARD BOOK NUMBER |
| International Standard Book Number |
0815340729 (pbk.) |
| 040 ## - CATALOGING SOURCE |
| Original cataloging agency |
DLC |
| Transcribing agency |
DLC |
| Modifying agency |
DLC |
| 041 ## - LANGUAGE CODE |
| Language code of text/sound track or separate title |
eng |
| 042 ## - AUTHENTICATION CODE |
| Authentication code |
pcc |
| 050 00 - LIBRARY OF CONGRESS CALL NUMBER |
| Classification number |
QH581.2 |
| Item number |
.M64 2002 |
| 082 00 - DEWEY DECIMAL CLASSIFICATION NUMBER |
| Classification number |
571.6 |
| Edition number |
21 |
| 245 00 - TITLE STATEMENT |
| Title |
Molecular biology of the cell / |
| Statement of responsibility, etc. |
Bruce Alberts ... [et al.]. |
| 250 ## - EDITION STATEMENT |
| Edition statement |
4th ed. |
| 264 ## - PRODUCTION, PUBLICATION, DISTRIBUTION, MANUFACTURE, AND COPYRIGHT NOTICE |
| Place of production, publication, distribution, manufacture |
New York : |
| Name of producer, publisher, distributor, manufacturer |
Garland Science, |
| Date of production, publication, distribution, manufacture, or copyright notice |
2002. |
| 300 ## - PHYSICAL DESCRIPTION |
| Extent |
xxxiv, [1548] p. : |
| Other physical details |
ill. (some col.) ; |
| Dimensions |
29 cm. + |
| Accompanying material |
1 CD-ROM (4 3/4 in.) |
| 504 ## - BIBLIOGRAPHY, ETC. NOTE |
| Bibliography, etc. note |
Includes bibliographical references and index. |
| 650 #0 - SUBJECT ADDED ENTRY--TOPICAL TERM |
| Topical term or geographic name entry element |
Cytology. |
| 9 (RLIN) |
7126 |
| 650 #0 - SUBJECT ADDED ENTRY--TOPICAL TERM |
| Topical term or geographic name entry element |
Molecular biology. |
| 9 (RLIN) |
168 |
| 650 #2 - SUBJECT ADDED ENTRY--TOPICAL TERM |
| Topical term or geographic name entry element |
Cells. |
| 9 (RLIN) |
7127 |
| 650 #2 - SUBJECT ADDED ENTRY--TOPICAL TERM |
| Topical term or geographic name entry element |
Molecular Biology. |
| 9 (RLIN) |
168 |
| 653 ## - INDEX TERM--UNCONTROLLED |
| keyword |
ბიოლოგია |
| 653 ## - INDEX TERM--UNCONTROLLED |
| keyword |
ციტოლოგია |
| 653 ## - INDEX TERM--UNCONTROLLED |
| keyword |
უჯრედული ბიოლოგია |
| 700 1# - ADDED ENTRY--PERSONAL NAME |
| Personal name |
Alberts, Bruce. |
| 9 (RLIN) |
7168 |
| 856 42 - ELECTRONIC LOCATION AND ACCESS |
| Materials specified |
Publisher description |
| Uniform Resource Identifier |
http://www.loc.gov/catdir/enhancements/fy0652/2001054471-d.html |
| 906 ## - LOCAL DATA ELEMENT F, LDF (RLIN) |
| a |
7 |
| b |
cbc |
| c |
orignew |
| d |
1 |
| e |
ocip |
| f |
20 |
| g |
y-gencatlg |
| 942 ## - ADDED ENTRY ELEMENTS (KOHA) |
| Source of classification or shelving scheme |
|
| Koha item type |
წიგნი |